[Event "VIII CAMPEONATO CONTINENTAL DE LAS AMERI"]
[Site "Hotel Casa Campestre - Cochaba"]
[Date "2013.05.12"]
[Round "7"]
[White "Cruz Pereyra, Andresantoni"]
[Black "Lopez, Mario Iver"]
[Result "0-1"]
[WhiteElo "1947"]
[BlackElo "2197"]
[PlyCount "116"]
[EventDate "2013.05.07"]
[EventRounds "11"]
[EventCountry "BOL"]

1. c4 c5 2. g3 g6 3. Bg2 Bg7 4. Nc3 Nf6 5. Nf3 O-O 6. O-O Nc6 7. b3 e5 8. Rb1
d6 9. d3 h6 10. Ne1 Nh5 11. Nd5 Be6 12. Nc2 Qd7 13. b4 Rab8 14. Ba3 b6 15. Nce3
Nd4 16. Nc2 Bh3 17. e3 Bxg2 18. Kxg2 Ne6 19. Bc1 f5 20. e4 f4 21. f3 Ng5 22. g4
Nf6 23. Nxf6+ Bxf6 24. b5 Ne6 25. Bd2 h5 26. h3 Kf7 27. Qe2 Rh8 28. Rh1 Rh7 29.
a4 Rbh8 30. a5 Bh4 31. Be1 Bg3 32. Bxg3 fxg3 33. Kxg3 Nf4 34. Qf1 hxg4 35. fxg4
Rxh3+ 36. Rxh3 Rxh3+ 37. Qxh3 Nxh3 38. Kxh3 Kf6 39. Kg3 Kg5 40. Ne3 bxa5 41.
Ra1 Qf7 42. Ng2 a4 43. Rxa4 Qf1 44. Ra3 Qe2 45. Rc3 Qxg4+ 46. Kf2 Qd1 47. Kg3
Kh5 48. Ra3 g5 49. Kf2 Qd2+ 50. Kg3 g4 51. Rxa7 Qxd3+ 52. Kh2 Qb3 53. Rh7+ Kg6
54. Rd7 Qh3+ 55. Kg1 g3 56. Rxd6+ Kf7 57. b6 Qh2+ 58. Kf1 Qh1+ 0-1

[Event "VIII CAMPEONATO CONTINENTAL DE LAS AMERI"]
[Site "Hotel Casa Campestre - Cochaba"]
[Date "2013.05.12"]
[Round "7"]
[White "Arias, Juan Cruz"]
[Black "Saavedra, Carlos"]
[Result "1/2-1/2"]
[WhiteElo "1933"]
[BlackElo "2179"]
[PlyCount "87"]
[EventDate "2013.05.07"]
[EventRounds "11"]
[EventCountry "BOL"]

1. e4 c5 2. Nc3 d6 3. g3 Nc6 4. Bg2 e6 5. d3 Nf6 6. Nge2 Be7 7. O-O O-O 8. h3
Rb8 9. g4 b5 10. Ng3 b4 11. Nce2 Nd4 12. c3 bxc3 13. bxc3 Nxe2+ 14. Nxe2 Ba6
15. Qc2 Nd7 16. f4 e5 17. Be3 exf4 18. Bxf4 Ne5 19. Bxe5 dxe5 20. c4 Bg5 21.
Rab1 Qd6 22. Nc3 Be3+ 23. Kh1 Bb7 24. Nd5 Bd4 25. Qd2 Bxd5 26. exd5 Rb6 27. Qg5
Qd7 28. Rxb6 axb6 29. Qf5 Qxf5 30. gxf5 Bc3 31. Rb1 Ba5 32. Be4 Rd8 33. Kg2 Kf8
34. Kf3 Rd6 35. Kg4 g6 36. Rf1 Kg7 37. h4 h5+ 38. Kh3 Bd2 39. Rg1 Bh6 40. fxg6
fxg6 41. Rf1 Kg8 42. Bf3 Rf6 43. Be2 Bf4 44. a4 1/2-1/2

[Event "VIII CAMPEONATO CONTINENTAL DE LAS AMERI"]
[Site "Hotel Casa Campestre - Cochaba"]
[Date "2013.05.12"]
[Round "7"]
[White "Salazar, Carlos"]
[Black "Cordero, Daniela"]
[Result "1-0"]
[WhiteElo "2167"]
[BlackElo "2074"]
[PlyCount "57"]
[EventDate "2013.05.07"]
[EventRounds "11"]
[EventCountry "BOL"]

1. c4 d6 2. Nc3 e5 3. g3 g6 4. Bg2 Bg7 5. e3 Ne7 6. Nge2 O-O 7. O-O Nd7 8. Rb1
f5 9. d3 Nf6 10. f4 Rb8 11. b4 exf4 12. Nxf4 Ng4 13. Qb3 g5 14. Nfe2 Qe8 15. h3
Nf6 16. Nb5 Bd7 17. Nxc7 Qc8 18. Nb5 d5 19. Nbd4 f4 20. cxd5 Ng6 21. Ne6 Rf7
22. Nxg5 f3 23. Rxf3 Ne5 24. Rf1 Rf8 25. Ne6 Rf7 26. Bb2 Ng6 27. Nxg7 Kxg7 28.
Rxf6 Rxf6 29. Rf1 1-0

[Event "VIII CAMPEONATO CONTINENTAL DE LAS AMERI"]
[Site "Hotel Casa Campestre - Cochaba"]
[Date "2013.05.12"]
[Round "7"]
[White "Delgadillo, Adonay"]
[Black "Aguilar, Pedro"]
[Result "1-0"]
[WhiteElo "2161"]
[BlackElo "1987"]
[PlyCount "120"]
[EventDate "2013.05.07"]
[EventRounds "11"]
[EventCountry "BOL"]

1. e4 e5 2. Nf3 Nc6 3. Bb5 a6 4. Ba4 Nf6 5. O-O b5 6. Bb3 Be7 7. Re1 d6 8. c3
Bg4 9. d3 Na5 10. Bc2 c5 11. Nbd2 O-O 12. h3 Bh5 13. Nf1 Qc7 14. Ng3 Bg6 15.
Bg5 h6 16. Be3 Rac8 17. Nh4 Nc6 18. Rc1 Qd8 19. Nxg6 fxg6 20. a4 Rb8 21. axb5
axb5 22. Ra1 Ra8 23. Bd2 Qb6 24. Be3 Qc7 25. Bb3+ Kh7 26. h4 Rxa1 27. Qxa1 Ng4
28. h5 gxh5 29. Nxh5 Nxe3 30. Rxe3 Bg5 31. Rh3 g6 32. Ng3 Qa7 33. Qe1 Ra8 34.
Qe2 Qa1+ 35. Kh2 Qc1 36. Nf1 Ra1 37. Kg1 Rb1 38. Bd5 Ne7 39. Be6 Rxb2 40. Qf3
Qf4 41. Qxf4 Bxf4 42. Rf3 h5 43. g3 Bg5 44. Rf7+ Kh6 45. Nh2 Nc6 46. Rc7 Ne7
47. Nf3 Bf6 48. Rd7 Rc2 49. Rxd6 Rxc3 50. Bd7 b4 51. Rxf6 Rxd3 52. Nxe5 Rd1+
53. Kg2 c4 54. Rb6 c3 55. Ba4 Rd4 56. Kf3 Nc8 57. Rxg6+ Kh7 58. Rc6 Rd8 59. Ke3
Nd6 60. Rb6 Re8 1-0

[Event "VIII CAMPEONATO CONTINENTAL DE LAS AMERI"]
[Site "Hotel Casa Campestre - Cochaba"]
[Date "2013.05.12"]
[Round "7"]
[White "Chumpitaz, Ann"]
[Black "Tapia, Mauricio"]
[Result "1-0"]
[WhiteElo "2155"]
[BlackElo "1907"]
[PlyCount "69"]
[EventDate "2013.05.07"]
[EventRounds "11"]
[EventCountry "BOL"]

1. e4 Nf6 2. e5 Nd5 3. d4 d6 4. c4 Nb6 5. exd6 cxd6 6. Bd3 g6 7. Bd2 Bg7 8. Bc3
O-O 9. Ne2 e5 10. O-O Nc6 11. d5 Ne7 12. b4 f5 13. Qb3 Kh8 14. Nd2 f4 15. f3
Bf5 16. Be4 Qd7 17. a4 Rac8 18. a5 Na8 19. Rac1 b6 20. axb6 axb6 21. Ra1 Nc7
22. Nxf4 Bxe4 23. fxe4 Bh6 24. Nd3 Be3+ 25. Kh1 Kg8 26. Nf3 Qg4 27. Qc2 Bh6 28.
Ra7 Qd7 29. Bxe5 dxe5 30. d6 Nc6 31. Rxc7 Qe8 32. Rd1 Rf7 33. Rxc6 Qxc6 34.
Ndxe5 Qe8 35. d7 1-0

[Event "VIII CAMPEONATO CONTINENTAL DE LAS AMERI"]
[Site "Hotel Casa Campestre - Cochaba"]
[Date "2013.05.12"]
[Round "7"]
[White "Acosta, Mariano"]
[Black "Gamboa, Anibal"]
[Result "1/2-1/2"]
[WhiteElo "1958"]
[BlackElo "2126"]
[PlyCount "157"]
[EventDate "2013.05.07"]
[EventRounds "11"]
[EventCountry "BOL"]

1. d4 Nf6 2. Nf3 e6 3. Bg5 h6 4. Bh4 Be7 5. Nbd2 d5 6. e3 c5 7. c3 Nbd7 8. Bd3
cxd4 9. exd4 a6 10. O-O b5 11. a4 b4 12. a5 bxc3 13. bxc3 Qc7 14. Qc2 O-O 15.
Rfe1 Bb7 16. Bg3 Bd6 17. Bxd6 Qxd6 18. Ne5 Rfc8 19. f4 Qc7 20. Ra3 Rab8 21.
Ndf3 Ne4 22. c4 Ndf6 23. c5 Nd7 24. Rb1 Nxe5 25. fxe5 Bc6 26. Rb6 Bb5 27. Bxe4
dxe4 28. Qxe4 Bc6 29. Qe3 Ra8 30. Rab3 Qd7 31. R3b4 Qd5 32. Qe2 Bb5 33. Qc2 Bc6
34. Qe2 Bb5 35. Qc2 Bc6 36. Kf2 Rf8 37. Qc4 Qe4 38. Qe2 Qd5 39. Kg1 Bb5 40. Qb2
Bc6 41. h3 Qe4 42. Kf2 Qd5 43. Qb3 Qe4 44. Qb1 Qd5 45. Kf1 Rfc8 46. Rb8 Raxb8
47. Rxb8 Rxb8 48. Qxb8+ Kh7 49. Qb1+ Kg8 50. Qd3 Qa2 51. Qd2 Qa1+ 52. Kf2 Bb5
53. h4 Bc6 54. Kg3 Qa3 55. Kf2 Qa1 56. Ne1 Be4 57. Ke3 Bd5 58. Kf2 Be4 59. Kg3
Qa3+ 60. Kh2 Qa1 61. Qe2 Qb1 62. Nf3 Qb7 63. Nd2 Bd5 64. Nf1 Bc6 65. Qd2 Qb5
66. Ne3 Qb3 67. Ng4 Qd5 68. h5 Qe4 69. Kg3 Qd5 70. Ne3 Qb3 71. Kf2 Be4 72. Nd1
Bc6 73. Nc3 Qc4 74. Na2 Qa4 75. Ke1 Qa3 76. Nb4 Qa1+ 77. Kf2 Qxa5 78. Ke1 Qa1+
79. Kf2 1/2-1/2

[Event "VIII CAMPEONATO CONTINENTAL DE LAS AMERI"]
[Site "Hotel Casa Campestre - Cochaba"]
[Date "2013.05.12"]
[Round "7"]
[White "Prado, Alexandra"]
[Black "Sanchez Sandoval, Gonzalo"]
[Result "1/2-1/2"]
[WhiteElo "1790"]
[BlackElo "2103"]
[PlyCount "133"]
[EventDate "2013.05.07"]
[EventRounds "11"]
[EventCountry "BOL"]

1. e4 c5 2. c3 b6 3. d4 Bb7 4. Bd3 Nf6 5. Qe2 cxd4 6. cxd4 Nc6 7. Nf3 Nb4 8.
Nc3 Nxd3+ 9. Qxd3 e6 10. O-O Rc8 11. a3 d6 12. Bd2 Be7 13. Rac1 O-O 14. Rc2 Qd7
15. Rfc1 Rfd8 16. h3 a6 17. Be3 Qe8 18. Nd2 b5 19. f4 Nd7 20. Nf3 Nb6 21. Nd1
Nc4 22. Bf2 e5 23. fxe5 dxe5 24. d5 Bf8 25. Qe2 a5 26. Ne3 Nd6 27. Ng4 f6 28.
Bb6 Rxc2 29. Rxc2 Rd7 30. Bxa5 h5 31. Nf2 f5 32. exf5 Nxf5 33. Qxe5 Qxe5 34.
Nxe5 Rxd5 35. Nf3 Bc5 36. Rd2 Ne3 37. Rxd5 Bxd5 38. Be1 g5 39. b4 Bb6 40. Nxg5
Nxg2 41. Kf1 Nf4 42. Bd2 Bc4+ 43. Kg1 Nd3 44. Nge4 Bd4 45. h4 Ne5 46. Kg2 Ng6
47. Bg5 Be2 48. Nf6+ Kf7 49. N2e4 Ne5 50. Kg3 Nc4 51. Nd5 Nxa3 52. Nd6+ Ke6 53.
Nf4+ Kxd6 54. Nxe2 Be5+ 55. Bf4 Nc2 56. Nc3 Nd4 57. Ne4+ Kd5 58. Bxe5 Kxe4 59.
Bxd4 Kxd4 60. Kf4 Kc4 61. Kg5 Kxb4 62. Kxh5 Ka3 63. Kg5 b4 64. h5 b3 65. h6 b2
66. h7 b1=Q 67. h8=Q 1/2-1/2

[Event "VIII CAMPEONATO CONTINENTAL DE LAS AMERI"]
[Site "Hotel Casa Campestre - Cochaba"]
[Date "2013.05.12"]
[Round "7"]
[White "Slomka, Gustavo"]
[Black "Borda, Carla"]
[Result "1/2-1/2"]
[WhiteElo "2055"]
[BlackElo "1950"]
[PlyCount "56"]
[EventDate "2013.05.07"]
[EventRounds "11"]
[EventCountry "BOL"]

1. b3 e5 2. Bb2 d6 3. g3 Nf6 4. Bg2 Nc6 5. c4 g6 6. Nf3 Bg7 7. O-O O-O 8. d3 h6
9. Nbd2 Be6 10. c5 Qd7 11. cxd6 cxd6 12. Ba3 Ne8 13. Rc1 Bh3 14. Bxh3 Qxh3 15.
b4 Nc7 16. Qb3 Qd7 17. e3 Ne7 18. Nc4 Rac8 19. Rc2 b5 20. Na5 Ne6 21. Rfc1 Rxc2
22. Rxc2 Rc8 23. Qb1 Nd8 24. Kf1 Nb7 25. Nb3 Rxc2 26. Qxc2 Qc6 27. Ne1 Qxc2 28.
Nxc2 Nc6 1/2-1/2

[Event "VIII CAMPEONATO CONTINENTAL DE LAS AMERI"]
[Site "Hotel Casa Campestre - Cochaba"]
[Date "2013.05.12"]
[Round "7"]
[White "Cortes Orihuela, Javier"]
[Black "Coro, Renan"]
[Result "1-0"]
[WhiteElo "2032"]
[BlackElo "1922"]
[PlyCount "125"]
[EventDate "2013.05.07"]
[EventRounds "11"]
[EventCountry "BOL"]

1. d4 c6 2. c4 d5 3. Nc3 Nf6 4. cxd5 cxd5 5. Bf4 Nc6 6. e3 a6 7. Bd3 e6 8. Rc1
Bd6 9. Bxd6 Qxd6 10. f4 Bd7 11. Nf3 O-O 12. O-O b5 13. Ne5 Rac8 14. Qf3 Ne7 15.
g4 g6 16. Qh3 b4 17. Ne2 Bb5 18. Bxb5 axb5 19. Ng3 Nd7 20. Nxd7 Qxd7 21. Qg2
Rxc1 22. Rxc1 Rc8 23. Rxc8+ Qxc8 24. Qd2 Qc4 25. b3 Qc3 26. Qxc3 bxc3 27. Ne2
b4 28. Kf1 Nc8 29. a3 bxa3 30. Nxc3 Nd6 31. Ke2 Ne4 32. Na2 f6 33. h4 h6 34.
Nb4 Nc3+ 35. Kd2 a2 36. Nc2 Ne4+ 37. Kc1 Nf2 38. g5 fxg5 39. fxg5 h5 40. Kb2
Ne4 41. Kxa2 Nd6 42. Ne1 Kf8 43. Ng2 Nf5 44. Kb2 Ke7 45. Kc3 Kd6 46. b4 e5 47.
dxe5+ Kxe5 48. Kd3 Ne7 49. b5 Kd6 50. e4 Kc5 51. exd5 Kxd5 52. b6 Ke5 53. b7
Nc6 54. Ke3 Kf5 55. Nf4 Nb8 56. Kf3 Na6 57. Nd5 Ke5 58. Ne7 Kd6 59. Nxg6 Kc7
60. Nf4 Nc5 61. g6 Nd7 62. g7 Nf6 63. Nd5+ 1-0

[Event "VIII CAMPEONATO CONTINENTAL DE LAS AMERI"]
[Site "Hotel Casa Campestre - Cochaba"]
[Date "2013.05.12"]
[Round "7"]
[White "Molina, Ruben"]
[Black "Aguilar, Luis Miguel"]
[Result "0-1"]
[WhiteElo "2030"]
[BlackElo "1903"]
[PlyCount "76"]
[EventDate "2013.05.07"]
[EventRounds "11"]
[EventCountry "BOL"]

1. d4 Nf6 2. c4 e6 3. Nc3 g6 4. Nf3 c5 5. Bg5 Bg7 6. e3 O-O 7. Qc2 Nc6 8. a3 a6
9. Be2 Qa5 10. Bxf6 Bxf6 11. dxc5 Bg7 12. O-O Qxc5 13. b4 Qe7 14. Rad1 b6 15.
Na4 Rb8 16. Rd2 a5 17. b5 Ne5 18. Qb3 Nxf3+ 19. Bxf3 Bb7 20. Bxb7 Rxb7 21. Rfd1
Rc8 22. f4 Bf8 23. Rd3 Rcc7 24. g3 e5 25. Kf2 exf4 26. exf4 Qe6 27. Rd5 Rb8 28.
Kf3 Rbc8 29. R1d4 Rxc4 30. Qd3 Rxd4 31. Qxd4 Re8 32. Qd3 Rd8 33. Re5 Qf6 34. g4
Qh4 35. Qe2 Qh3+ 36. Ke4 Qxa3 37. Qc4 d6 38. Rd5 Re8+ 0-1

[Event "VIII CAMPEONATO CONTINENTAL DE LAS AMERI"]
[Site "Hotel Casa Campestre - Cochaba"]
[Date "2013.05.12"]
[Round "7"]
[White "Ramirez, M. Eugenia"]
[Black "Borda, Cesar"]
[Result "1/2-1/2"]
[WhiteElo "1996"]
[BlackElo "1838"]
[PlyCount "89"]
[EventDate "2013.05.07"]
[EventRounds "11"]
[EventCountry "BOL"]

1. e4 c5 2. c3 d5 3. exd5 Qxd5 4. Nf3 e6 5. d4 cxd4 6. cxd4 Nc6 7. Nc3 Qa5 8.
Bc4 Nf6 9. O-O Be7 10. Re1 O-O 11. Ne5 Rd8 12. Nxc6 bxc6 13. Qf3 Bb7 14. Be3
Qb4 15. Qe2 Nd5 16. Nxd5 cxd5 17. Bd3 Bf6 18. Rad1 Qb6 19. f4 a5 20. Qf2 Ba6
21. Bxa6 Qxa6 22. Rc1 Rac8 23. Qd2 a4 24. Rxc8 Rxc8 25. Rc1 g6 26. Rxc8+ Qxc8
27. b3 axb3 28. axb3 Qb7 29. Qc3 Qb5 30. Kf2 Qa6 31. Bd2 Qa2 32. b4 Qb1 33. g3
h5 34. h4 Qe4 35. Be3 Qb1 36. Ke2 Kg7 37. Qc5 Qb3 38. b5 Bd8 39. Kf2 Ba5 40.
Qd6 Qb1 41. Kg2 Qd1 42. Kf2 Qc2+ 43. Kg1 Qd1+ 44. Kg2 Qe2+ 45. Kg1 1/2-1/2

[Event "VIII CAMPEONATO CONTINENTAL DE LAS AMERI"]
[Site "Hotel Casa Campestre - Cochaba"]
[Date "2013.05.12"]
[Round "7"]
[White "Avila, Carlos"]
[Black "Estrada, Lucia"]
[Result "1-0"]
[WhiteElo "1848"]
[BlackElo "2034"]
[PlyCount "107"]
[EventDate "2013.05.07"]
[EventRounds "11"]
[EventCountry "BOL"]

1. e4 e6 2. Qe2 c5 3. Nf3 Ne7 4. Nc3 d6 5. g3 Nbc6 6. Bg2 g6 7. O-O Bg7 8. d3
a6 9. a4 O-O 10. Be3 Bd7 11. Qd2 Re8 12. d4 cxd4 13. Nxd4 Nc8 14. Rad1 Ne5 15.
Qe2 Qc7 16. Kh1 Nc4 17. Bc1 Ne7 18. b3 Nb6 19. Nb1 Nc6 20. c3 d5 21. f4 dxe4
22. Bxe4 Nd5 23. Bb2 Qb6 24. Nd2 Nce7 25. Nc4 Qc7 26. Ne3 Rac8 27. c4 Nxe3 28.
Qxe3 Rcd8 29. Rd2 Nc8 30. Rfd1 e5 31. Ne2 exf4 32. Qxf4 Qxf4 33. Nxf4 Bxb2 34.
Rxd7 Rxd7 35. Rxd7 Rxe4 36. Rd8+ Kg7 37. Rxc8 Re3 38. b4 Be5 39. Nd5 Ra3 40. a5
Kh6 41. Re8 Ra1+ 42. Kg2 Ra2+ 43. Kf3 Bd4 44. Re2 Ra3+ 45. Ke4 Bg7 46. Ne3 f5+
47. Kd5 Rb3 48. Nc2 Rd3+ 49. Kc5 Rd7 50. Kb6 Bf6 51. c5 Bd8+ 52. Ka7 Rc7 53.
Re8 Rc8 54. Kxb7 1-0

[Event "VIII CAMPEONATO CONTINENTAL DE LAS AMERI"]
[Site "Hotel Casa Campestre - Cochaba"]
[Date "2013.05.12"]
[Round "7"]
[White "Quiroga, Duberlin"]
[Black "Ruiz, Samuel"]
[Result "1-0"]
[WhiteElo "2078"]
[BlackElo "1710"]
[PlyCount "49"]
[EventDate "2013.05.07"]
[EventRounds "11"]
[EventCountry "BOL"]

1. c4 Nf6 2. Nc3 d6 3. Nf3 g6 4. g3 Bg7 5. Bg2 O-O 6. O-O c5 7. e3 Nc6 8. d4
Bg4 9. h3 Bf5 10. Nh4 Bd7 11. d5 Ne5 12. Qe2 g5 13. Nf3 Nxf3+ 14. Qxf3 h6 15.
e4 Qc8 16. g4 a6 17. Rb1 b5 18. b3 b4 19. Ne2 Be8 20. Bb2 e6 21. Bxf6 Bxf6 22.
Qxf6 a5 23. Ng3 Kh7 24. e5 exd5 25. Nf5 1-0

[Event "VIII CAMPEONATO CONTINENTAL DE LAS AMERI"]
[Site "Hotel Casa Campestre - Cochaba"]
[Date "2013.05.12"]
[Round "7"]
[White "Vidaurre, Luis"]
[Black "Monroy Carrizo, Javier"]
[Result "0-1"]
[WhiteElo "1836"]
[BlackElo "2053"]
[PlyCount "60"]
[EventDate "2013.05.07"]
[EventRounds "11"]
[EventCountry "BOL"]

1. d4 Nf6 2. g3 g6 3. Bg2 Bg7 4. e4 d6 5. f4 O-O 6. h3 e6 7. Be3 d5 8. e5 Ne4
9. Bxe4 dxe4 10. Nd2 b6 11. Ne2 Bb7 12. Nc3 f5 13. exf6 Qxf6 14. Ndxe4 Qf5 15.
g4 Qa5 16. O-O Nc6 17. Ng5 Nxd4 18. Bxd4 Rad8 19. Nxe6 Bxd4+ 20. Kh2 Bg1+ 21.
Rxg1 Rxd1 22. Raxd1 Re8 23. Nxc7 Qc5 24. N7d5 Bxd5 25. Rxd5 Qf2+ 26. Kh1 Qf3+
27. Kh2 Re3 28. Rg2 Qxh3+ 29. Kg1 Re1+ 30. Kf2 Qe3# 0-1

[Event "VIII CAMPEONATO CONTINENTAL DE LAS AMERI"]
[Site "Hotel Casa Campestre - Cochaba"]
[Date "2013.05.12"]
[Round "7"]
[White "Medrano, Sebastian"]
[Black "Monroy, Osvaldo"]
[Result "0-1"]
[WhiteElo "1803"]
[BlackElo "1954"]
[PlyCount "66"]
[EventDate "2013.05.07"]
[EventRounds "11"]
[EventCountry "BOL"]

1. d4 Nf6 2. c4 g6 3. Nc3 Bg7 4. e4 d6 5. Be2 O-O 6. Bg5 Nc6 7. Qd2 Ne8 8. d5
Nd4 9. Bd3 c5 10. Nge2 Nxe2 11. Bxe2 a6 12. f3 Nf6 13. g4 Nd7 14. h4 Re8 15. h5
f6 16. Bh6 g5 17. Bxg7 Kxg7 18. h6+ Kh8 19. f4 gxf4 20. Qxf4 Ne5 21. Kd2 Rg8
22. Rhg1 Nf7 23. Rh1 Bd7 24. a4 Rg5 25. Rh4 Qb6 26. Kc2 Rag8 27. b3 Qd8 28. Nd1
Qf8 29. Ne3 R8g6 30. Ng2 Rxh6 31. Rxh6 Qxh6 32. Qf2 Bxg4 33. Bxg4 Rxg4 0-1

[Event "VIII CAMPEONATO CONTINENTAL DE LAS AMERI"]
[Site "Hotel Casa Campestre - Cochaba"]
[Date "2013.05.12"]
[Round "7"]
[White "Monroy, Nathaly"]
[Black "Nunez Marquina, Nataly Massiel"]
[Result "1/2-1/2"]
[WhiteElo "1791"]
[BlackElo "1942"]
[PlyCount "80"]
[EventDate "2013.05.07"]
[EventRounds "11"]
[EventCountry "BOL"]

1. d4 Nf6 2. Nf3 e6 3. c4 d5 4. Nc3 Bb4 5. Bd2 c5 6. cxd5 exd5 7. a3 Bxc3 8.
Bxc3 c4 9. b3 O-O 10. bxc4 dxc4 11. g3 Nc6 12. Bg2 Be6 13. O-O Rc8 14. Qc2 Bd5
15. Rfd1 Re8 16. Nh4 Ne4 17. Re1 Nxc3 18. Qxc3 Bxg2 19. Nxg2 b5 20. e4 a5 21.
e5 Qb6 22. d5 Nb8 23. d6 b4 24. axb4 axb4 25. Rab1 bxc3 26. Rxb6 Nd7 27. Rb4
Nxe5 28. d7 Nxd7 29. Rxe8+ Rxe8 30. Rxc4 Ra8 31. Ne3 g6 32. Rxc3 Nf6 33. Rc2
Ne4 34. Kg2 Ng5 35. Ng4 Kg7 36. Rb2 Ra7 37. Rd2 f5 38. Ne3 Ne4 39. Rb2 Rd7 40.
f4 Rc7 1/2-1/2

[Event "VIII CAMPEONATO CONTINENTAL DE LAS AMERI"]
[Site "Hotel Casa Campestre - Cochaba"]
[Date "2013.05.12"]
[Round "7"]
[White "Rivas, Lucas"]
[Black "Caba, Edgar"]
[Result "1-0"]
[WhiteElo "1987"]
[BlackElo "1861"]
[PlyCount "39"]
[EventDate "2013.05.07"]
[EventRounds "11"]
[EventCountry "BOL"]

1. e4 e5 2. Nf3 Nf6 3. Nxe5 d6 4. Nf3 Nxe4 5. Nc3 Nxc3 6. dxc3 Be7 7. Bf4 Nc6
8. Qd2 O-O 9. O-O-O Rb8 10. h4 b5 11. Qd5 Bd7 12. Bd3 h6 13. g4 b4 14. g5 bxc3
15. bxc3 h5 16. g6 Be8 17. Bc4 Ne5 18. Nxe5 c6 19. Nxc6 Qb6 20. Nxe7+ 1-0

[Event "VIII CAMPEONATO CONTINENTAL DE LAS AMERI"]
[Site "Hotel Casa Campestre - Cochaba"]
[Date "2013.05.12"]
[Round "7"]
[White "Mollo, Jhoan"]
[Black "Molina, Jessica"]
[Result "0-1"]
[WhiteElo "1588"]
[BlackElo "1585"]
[PlyCount "84"]
[EventDate "2013.05.07"]
[EventRounds "11"]
[EventCountry "BOL"]

1. e4 e5 2. d4 exd4 3. Qxd4 Nc6 4. Qe3 d6 5. Nc3 g6 6. Nf3 Bg7 7. Bd2 Be6 8.
Bd3 Qd7 9. O-O-O Nge7 10. Ng5 h6 11. Nxe6 fxe6 12. f4 O-O-O 13. g4 Rdf8 14.
Rhf1 Kb8 15. Ne2 e5 16. f5 g5 17. Ng3 Bf6 18. Bc4 Nd8 19. Qa3 Qc6 20. Be3 Qxc4
21. Bxa7+ Kc8 22. Rf3 Nec6 23. Bf2 Nb4 24. c3 Na6 25. b3 Qc6 26. c4 b5 27. Kb2
b4 28. Qa5 Nb7 29. Qb5 Qxb5 30. cxb5 Nac5 31. Be1 Be7 32. Bxb4 Ne6 33. a4 Nf4
34. a5 Nc5 35. a6 Kb8 36. Be1 Ka7 37. Bf2 Ka8 38. Rc3 Rb8 39. a7 Rxb5 40. Ka3
Ra5+ 41. Kb2 Rxa7 42. b4 Na4+ 0-1

[Event "VIII CAMPEONATO CONTINENTAL DE LAS AMERI"]
[Site "Hotel Casa Campestre - Cochaba"]
[Date "2013.05.12"]
[Round "8"]
[White "Granda Zuniga, Julio E"]
[Black "Iturrizaga, Eduardo"]
[Result "1/2-1/2"]
[WhiteElo "2659"]
[BlackElo "2655"]
[PlyCount "89"]
[EventDate "2013.05.07"]
[EventRounds "11"]
[EventCountry "BOL"]

1. c4 c5 2. g3 g6 3. Bg2 Bg7 4. Nc3 Nc6 5. d3 e6 6. Be3 d6 7. Qd2 h6 8. Nf3 e5
9. O-O Nge7 10. Qc1 Be6 11. a3 a5 12. Rb1 Qd7 13. Nb5 f5 14. Ne1 g5 15. f4 exf4
16. gxf4 g4 17. Nc2 O-O 18. b3 a4 19. b4 b6 20. Qd2 Rad8 21. Rfd1 Kh7 22. bxc5
dxc5 23. Nc3 Qa7 24. Qe1 Qa5 25. Nb5 Qxe1+ 26. Rxe1 Rd7 27. Bc1 Na5 28. Bb2 Ng6
29. Bxg7 Rxg7 30. Nc3 Nxf4 31. Rxb6 Bd7 32. Ne3 Rg6 33. Ned5 Nxd5 34. Nxd5 Rxb6
35. Nxb6 Bc8 36. e3 Kg6 37. Kf2 Kg5 38. Kg3 Nb3 39. h4+ gxh3 40. Kxh3 Kh5 41.
Nxa4 Re8 42. Bc6 Re6 43. Bd5 Ra6 44. Rb1 Rxa4 45. Rxb3 1/2-1/2

[Event "VIII CAMPEONATO CONTINENTAL DE LAS AMERI"]
[Site "Hotel Casa Campestre - Cochaba"]
[Date "2013.05.12"]
[Round "8"]
[White "Mekhitarian, Krikor Sevag"]
[Black "Flores, Diego"]
[Result "1/2-1/2"]
[WhiteElo "2551"]
[BlackElo "2586"]
[PlyCount "112"]
[EventDate "2013.05.07"]
[EventRounds "11"]
[EventCountry "BOL"]

1. e4 c5 2. Nf3 e6 3. d4 cxd4 4. Nxd4 a6 5. Nc3 b5 6. Bd3 Qb6 7. Nb3 Qc7 8. O-O
d6 9. Qe2 Nf6 10. a4 b4 11. Nd1 Bb7 12. f4 g6 13. a5 Nbd7 14. Bd2 Nc5 15. Nf2
d5 16. e5 Nfe4 17. Be3 Be7 18. Bxe4 Nxe4 19. Bb6 Qc4 20. Rfe1 Rc8 21. Nd4 Qxe2
22. Rxe2 Nxf2 23. Kxf2 Kd7 24. Ke3 f5 25. exf6 Bxf6 26. Kd3 Rhe8 27. Rae1 Bc6
28. Rxe6 Bxd4 29. Rxe8 Rxe8 30. Rxe8 Bxb6 31. Rh8 Bb5+ 32. Kd2 Bxa5 33. Rxh7+
Ke6 34. b3 Bb6 35. h4 Bd4 36. h5 Bc3+ 37. Kd1 gxh5 38. Rxh5 d4 39. g4 Kf6 40.
Rh6+ Kg7 41. Rd6 Kf7 42. f5 Ke7 43. Re6+ Kd7 44. g5 d3 45. Re3 dxc2+ 46. Kxc2
Bc6 47. f6 Bd5 48. Rxc3 bxc3 49. Kxc3 Ke6 50. Kb4 Kf5 51. Ka5 Kxg5 52. Kxa6
Bxb3 53. f7 Bc4+ 54. Kb7 Bd5+ 55. Kc8 Be6+ 56. Kd8 Bxf7 1/2-1/2

[Event "VIII CAMPEONATO CONTINENTAL DE LAS AMERI"]
[Site "Hotel Casa Campestre - Cochaba"]
[Date "2013.05.12"]
[Round "8"]
[White "Lenderman, Aleksandr"]
[Black "Sarkar, Justin"]
[Result "1/2-1/2"]
[WhiteElo "2585"]
[BlackElo "2437"]
[PlyCount "138"]
[EventDate "2013.05.07"]
[EventRounds "11"]
[EventCountry "BOL"]

1. Nf3 c5 2. c4 Nc6 3. Nc3 e5 4. e3 f5 5. d4 e4 6. d5 exf3 7. dxc6 dxc6 8.
Qxd8+ Kxd8 9. gxf3 Nf6 10. f4 g6 11. b3 Bg7 12. Bb2 Ke7 13. Bg2 Ne4 14. Rc1
Nxc3 15. Bxc3 Bxc3+ 16. Rxc3 Be6 17. Ke2 a5 18. a4 Ra6 19. h4 h5 20. Kd2 Rb6
21. Kc2 Rd8 22. Bf1 Rd6 23. Be2 Rb4 24. Rg1 Bd7 25. Rd3 Rxd3 26. Bxd3 Kf6 27.
Kc3 Be6 28. Ra1 Ke7 29. f3 Kf6 30. e4 Bd7 31. exf5 Bxf5 32. Be4 Be6 33. Rg1 Bf5
34. Rd1 Be6 35. Rg1 Bf5 36. Bxf5 gxf5 37. Rg8 b5 38. Rc8 bxa4 39. Rxc6+ Kg7 40.
bxa4 Rxa4 41. Rxc5 Ra3+ 42. Kd4 Rxf3 43. Ke5 a4 44. Kxf5 a3 45. Ra5 Rc3 46.
Ra7+ Kh6 47. Ra6+ Kg7 48. Kg5 Rxc4 49. Rxa3 Rc1 50. Ra7+ Kg8 51. Kxh5 Rg1 52.
f5 Rg2 53. Kh6 Rg4 54. h5 Rg2 55. Ra6 Kf7 56. Rg6 Rf2 57. Kg5 Rg2+ 58. Kf4 Rf2+
59. Ke4 Re2+ 60. Kf3 Re1 61. h6 Rf1+ 62. Ke4 Re1+ 63. Kd4 Rd1+ 64. Ke3 Rf1 65.
Rg7+ Kf6 66. Rg8 Rh1 67. Rf8+ Ke5 68. Kf3 Rxh6 69. Kg4 Rh1 1/2-1/2

[Event "VIII CAMPEONATO CONTINENTAL DE LAS AMERI"]
[Site "Hotel Casa Campestre - Cochaba"]
[Date "2013.05.12"]
[Round "8"]
[White "Pacheco, Marco"]
[Black "Vasquez Schroeder, Rodrigo"]
[Result "1/2-1/2"]
[WhiteElo "2384"]
[BlackElo "2554"]
[PlyCount "37"]
[EventDate "2013.05.07"]
[EventRounds "11"]
[EventCountry "BOL"]

1. d4 Nf6 2. c4 e6 3. Nf3 Bb4+ 4. Nbd2 b6 5. a3 Bxd2+ 6. Bxd2 Bb7 7. Bg5 d6 8.
e3 Nbd7 9. Bd3 h6 10. Bh4 Qe7 11. O-O O-O 12. Nd2 c5 13. b4 Rfc8 14. Rb1 Bc6
15. Qe2 Qf8 16. Rfc1 e5 17. dxc5 dxc5 18. b5 Bb7 19. Rd1 1/2-1/2

[Event "VIII CAMPEONATO CONTINENTAL DE LAS AMERI"]
[Site "Hotel Casa Campestre - Cochaba"]
[Date "2013.05.12"]
[Round "8"]
[White "Ynojosa, Felix Jose"]
[Black "Cubas, Jose Fernando"]
[Result "1/2-1/2"]
[WhiteElo "2371"]
[BlackElo "2550"]
[PlyCount "30"]
[EventDate "2013.05.07"]
[EventRounds "11"]
[EventCountry "BOL"]

1. Nf3 d5 2. e3 Nf6 3. b3 Bg4 4. Bb2 Nbd7 5. d4 e6 6. Be2 Bb4+ 7. Nfd2 Bf5 8.
O-O O-O 9. c4 c6 10. a3 Bd6 11. c5 Bc7 12. f4 b6 13. b4 bxc5 14. bxc5 Rb8 15.
Bc3 a5 1/2-1/2